MLB MVP and ROY - Statistics

General Stats
  • This quiz has been taken 72 times
    31 since last reset
  • The average score is 19 of 31
Answer Stats
ROY MVP(s) Player % Correct
2012 2014, 2016, 2019 Mike Trout
86%
1982 1983, 1991 Cal Ripken Jr.
82%
2017 2022, 2024, 2025 Aaron Judge
77%
1956 1961, 1966 Frank Robinson
77%
2001 2001 Ichiro Suzuki
77%
1947 1949 Jackie Robinson
77%
2018 2021, 2023, 2024, 2025 Shohei Ohtani
77%
2001 2005, 2008, 2009 Albert Pujols
73%
2017 2019 Cody Bellinger
73%
2006 2011 Justin Verlander
73%
2018 2023 Ronald Acuña
73%
1951 1954, 1965 Willie Mays
73%
2012 2015, 2021 Bryce Harper
68%
1968 1970, 1972 Johnny Bench
68%
1963 1973 Pete Rose
68%
2010 2012 Buster Posey
64%
2007 2008 Dustin Pedroia
59%
1975 1975 Fred Lynn
59%
2015 2016 Kris Bryant
59%
2014 2020 José Abreu
55%
2005 2006 Ryan Howard
55%
1986 1988 José Canseco
50%
2007 2011 Ryan Braun
50%
1959 1969 Willie McCovey
50%
1949 1956 Don Newcombe
41%
1991 1994 Jeff Bagwell
41%
1958 1967 Orlando Cepeda
41%
1970 1976 Thurman Munson
36%
1977 1987 Andre Dawson
32%
1967 1977 Rod Carew
32%
1964 1972 Dick Allen
18%
No matching quizzes found
Score Distribution
Percent of People with Each Score
Percentile by Number Answered
Your Score History
You have not taken this quiz since the last reset